Skocznie na których wygrywał Kamil Stoch - Statystyki

Ogólne statystyki
  • Ten quiz został rozwiązany 367 razy
  • Średni wynik to 34 z 39
Statystyki odpowiedzi
Lp. Data Kraj Miejscowość % Poprawnych
1 23.01.2011 Polska Zakopane
100%
4 20.01.2012 Polska Zakopane
100%
14 18.01.2015 Polska Zakopane
100%
20 22.01.2017 Polska Zakopane
100%
35 26.01.2020 Polska Zakopane
100%
3 20.03.2011 Słowenia Planica
97%
30 23.03.2018 Słowenia Planica
97%
31 25.03.2018 Słowenia Planica
97%
18 14.01.2017 Polska Wisła
97%
19 15.01.2017 Polska Wisła
97%
25 04.01.2018 Austria Innsbruck
93%
37 04.01.2021 Austria Innsbruck
93%
24 01.01.2018 Niemcy Garmisch-Partenkirchen
90%
12 02.03.2014 Finlandia Lahti
89%
27 04.03.2018 Finlandia Lahti
89%
33 10.02.2019 Finlandia Lahti
89%
22 19.03.2017 Norwegia Vikersund
89%
9 22.12.2013 Szwajcaria Engelberg
88%
34 21.12.2019 Szwajcaria Engelberg
88%
21 12.02.2017 Japonia Sapporo
88%
10 01.02.2014 Niemcy Willingen
87%
11 02.02.2014 Niemcy Willingen
87%
15 30.01.2015 Niemcy Willingen
87%
7 15.03.2013 Norwegia Trondheim
84%
29 15.03.2018 Norwegia Trondheim
84%
23 30.12.2017 Niemcy Oberstdorf
83%
32 03.02.2019 Niemcy Oberstdorf
83%
16 11.12.2016 Norwegia Lillehammer
82%
28 13.03.2018 Norwegia Lillehammer
82%
36 10.03.2020 Norwegia Lillehammer
82%
5 05.02.2012 Włochy Predazzo
81%
17 06.01.2017 Austria Bischofshofen
79%
26 06.01.2018 Austria Bischofshofen
79%
38 06.01.2021 Austria Bischofshofen
79%
2 02.02.2011 Niemcy Klingenthal
77%
6 12.03.2013 Finlandia Kuopio
76%
13 04.03.2014 Finlandia Kuopio
76%
8 15.12.2013 Niemcy Titisee-Neustadt
71%
39 09.01.2021 Niemcy Titisee-Neustadt
71%
Nie znaleziono quizów pasujących do podanych kryteriów
Rozkład punktacji
Procent ludzi z każdym wynikiem
Percentyl według liczby udzielonych odpowiedzi
Twoja historia wyników
Nie rozwiązałeś tego quizu